000 00320nam a2200121Ia 4500
008 191201s2016 xx 000 0 und d
100 _aSHARMA, Rekha
245 0 _aHaryana ke Lok Geeto May Bhakti Bhawna
260 _aN. Delhi
_bHaryana Granth Academi
_c2016
300 _a276
650 _aGeneral Books
942 _2ddc
_cBK
999 _c6732
_d6732